[Event "Barcelona Sant Marti op-B 23rd"]
[Site "Barcelona"]
[Date "2023.07.18"]
[Round "6"]
[White "Marques Soriano, Valentin"]
[Black "Terron Eroles, Jose"]
[Result "1-0"]
[WhiteElo "1672"]
[BlackElo "1544"]
[PlyCount "117"]
[EventDate "2023.07.13"]
[EventType "swiss"]
[EventRounds "9"]
[EventCountry "ESP"]
[SourceTitle "CBM 215 Extra"]
[Source "ChessBase"]
[SourceDate "2023.09.30"]
[SourceVersion "1"]
[SourceVersionDate "2023.09.30"]
[SourceQuality "1"]

1. e4 c5 2. c3 d6 3. d4 cxd4 4. cxd4 Nf6 5. Nc3 a6 6. Bd3 Nc6 7. Nf3 Bg4 8. Be2 g6 9. 0-0 Bg7 10. Be3 0-0 11. Qd2 Rc8 12. Rad1 b5 13. a3 Qc7 14. Bh6 Qb6 15. Bxg7 Kxg7 16. h3 Bxf3 17. Bxf3 Rfd8 18. Qf4 Nxd4 19. Kh1 Nxf3 20. Qxf3 e6 21. Rd3 Nd7 22. Qe2 Ne5 23. Rg3 Qc7 24. f4 Nd7 25. Qf3 Kh8 26. f5 Rf8 27. Qe3 Qc5 28. Qh6 Qe5 29. fxg6 fxg6 30. Rgf3 Rxf3 31. Rxf3 Qg7 32. Qd2 Ne5 33. Rf1 Nc4 34. Qf2 Nxb2 35. Ne2 Nc4 36. Nd4 Re8 37. Nc2 Kg8 38. Qg3 Rf8 39. Rg1 Qe5 40. Qd3 Rf2 41. Nb4 a5 42. Nc6 Qc5 43. Qg3 Rf7 44. Nd8 Re7 45. Qh4 Qc7 46. Nc6 Rf7 47. Nd4 Nxa3 48. Nxe6 Qe7 49. Qg4 Nc4 50. Ng5 Ne5 51. Qg3 Rf8 52. Qb3+ Kh8 53. Qg3 b4 54. Rb1 Qf6 55. Qh4 Qe7 56. Ra1 Ra8 57. Rf1 Ra7 58. Rf7 Nxf7 59. Qxh7# 1-0